000 00352 a2200169 4500
001 184280
020 _a85-7056-987-4
040 _cMagnum
100 _aJose, Elias
240 1 0 _aAmor adolescente
_lpor
245 1 0 _aAmor adolescente
300 _a63
362 0 _a1999
440 1 _aAtual Editora
697 _aLITERATURA JUVENIL
942 _cBK
999 _c184280
_d184280